Представление документа в формате RUSMARC

ПолеНазваниеЗначение
  Тип записи a
  Библиографический уровень m
001 Контрольный номер RU/IS/BASE/584814611
005 Дата корректировки 20201206205138.9
010 Индекс ISBN __
a ISBN 978-5-386-09819-3 (в пер.)
d Цена 647-72
100 Данные общей обработки __
a Данные общей обработки 19180713d2017||||||| 0rusy0189 ca
101 Язык документа 0_
a Язык текста rus
102 Страна публикации __
a Страна публикации ru|
105 Кодированные данные (монография) __
a Кодированные данные (монография) a|||||||000zy
200 Заглавие и сведения об ответственности 1_
a Заглавие Семь фунтов брамсельного ветра
e Сведения, относящиеся к заглавию роман : [для среднего школьного возраста]
f Первые сведения об ответственности Владислав Крапивин ; иллюстрации Евгении Стерлиговой
b Общее обозначение материала Текст
210 Выходные данные __
a Место издания Москва
c Издательство РИПОЛ классик
d Дата издания 2017
215 Физическое описание __
a Объем 478, [1] с.
c Иллюстрации/тип воспроизводства ил.
d Формат 22 см
225 Серия __
a Серия Одноклассники
330 Аннотация __
a Аннотация Женя Мезенцева - обычная двенадцатилетняя школьница со своими горестями и радостями. Она ходит в школу, знакомится с новыми людьми, читает книги и изучает корабли. Внезапно в ее беззаботное детство жестко вмешивается взрослая жизнь со своими проблемами и событиями: первыми обидами, предательствами и разочарованиями. Но все в мире непредсказуемо: жизнь может быстро развалиться на куски, но может и так же быстро склеиться. Лишь бы рядом были родные и близкие - это главная ценность.
333 Примечание о целевом назначении __
a Примечание о целевом назначении 12+. Для детей старше 12 лет
606 Тематические рубрики __
a Основная рубрика Художественная литература
606 Тематические рубрики __
a Основная рубрика Русская литература XX в. (произведения)
610 Ключевые слова __
a Ключевые слова детская литература
a Ключевые слова советская литература
a Ключевые слова тема взросления
a Ключевые слова тема детей
a Ключевые слова тема жизни
a Ключевые слова тема подростков
a Ключевые слова тема предательства
a Ключевые слова тема приключений
a Ключевые слова тема проблем
a Ключевые слова тема разочарований
a Ключевые слова тема семьи
a Ключевые слова тема школьников
686 Индексы других классификаций __
2 Код системы rubbks
a Классификационный индекс ст84(2Рос=Рус)6-4
700 Автор _1
a Фамилия Крапивин
b Имя В. П.
f Даты 1938-
g Полное личное имя Владислав Петрович
4 Код отношения 070
702 Вторичная интеллектуальная ответственность _1
a Фамилия Стерлигова
b Имя Е. И.
4 Код отношения Художник
g Полное личное имя Евгения Ивановна
4 Код отношения 040
801 Источник записи _0
a Страна ru
b Организация Муниципальное бюджетное учреждение культуры "Централизованная библиотечная система" г. Сургут (Центральная городская библиотека им. А. С. Пушкина)
c Дата составления 20180713
g Правила каталогизации rpk
801 Источник записи _1
a Страна ru
b Организация Муниципальное бюджетное учреждение культуры "Централизованная библиотечная система" г. Сургут (Центральная городская библиотека им. А. С. Пушкина)
c Дата составления 20180713
g Правила каталогизации rpk
852 Данные о местонахождении __
j Шифр хранения ст84(2Рос=Рус)6-4
i Авторский знак К 77
901 Тип документа __
t Тип документа m
a Ответственный КиК/Трушникова
903 Характеристики (МАРС) __
a Дата передачи 20180713
969 Тип издания __
a Тип издания издание для детей
990 Данные о заказе (DOS) __
j Количество экземпляров (DOS) 5
t N записи в КСУ для И/У (DOS) 201808